00389nam a2200169Ia 4500008004100000041001200041082001200053100001500065245002700080365000700107520001300114546001200127630002700139650001300166655001300179730002700192101110s9999 xx 000 0 und d aENGLISH bSR13084 aDesai S.M. aRural Banking in India b18 aCommerce aENGLISH aRural Banking in India aCommerce aCommerce aRural Banking in India